Homosexuality and ethics /

Bibliographic Details
Main Author: Batchelor, Edward, 1930- (Author)
Format: Book
Language:English
Published: New York : Pilgrim Press, [1980]
Subjects:

MARC

Tag First Indicator Second Indicator Subfields
LEADER 00000cam a2200000 i 4500
001 in00000665647
005 20190108104211.0
008 800123t19801980nyu b 000 0 eng
010 |a  80010533  
035 |a (OCoLC)ocm06016097 
035 |a (OCoLC)06016097 
035 |9 ACY3626AM 
040 |a DLC  |b eng  |c DLC  |d CVN  |d BAKER  |d BTCTA  |d UWC  |d LOC  |d BDX  |d YDXCP  |d OCLCF  |d P4I  |d OCLCQ  |d DHA  |d OCLCQ  |d INT  |d OCLCQ  |d CSA  |d OCLCQ  |d TXA 
019 |a 1055427308 
020 |a 0829803920 
020 |a 9780829803921 
020 |a 0829806156 
020 |a 9780829806151 
035 |a (OCoLC)6016097  |z (OCoLC)1055427308 
050 0 0 |a HQ76.25  |b .H674 1980 
082 0 0 |a 176  |2 19 
049 |a TXAM 
245 0 0 |a Homosexuality and ethics /  |c edited by Edward Batchelor, Jr. 
264 1 |a New York :  |b Pilgrim Press,  |c [1980] 
264 4 |c ©1980 
300 |a 261 pages ;  |c 24 cm 
336 |a text  |b txt  |2 rdacontent 
337 |a unmediated  |b n  |2 rdamedia 
338 |a volume  |b nc  |2 rdacarrier 
504 |a Includes bibliographical references (pages 244-247). 
505 0 |a Toward a new homosexual ethic / Roger Shinn, Tom F. Driver, Gregory Baum, Rosemary Ruether, [and] Anon. (article from Sh'ma) -- Homosexual acts are 'intrinsically evil' (the Traditionalist School) / Saint Thomas Aquinas, Karl Barth, [and] Robert Gordis -- Homosexual acts are 'intrinsically evil' (the Neo-Traditionalist School) / John G. Milhaven, William Muehl, [and] Ruth Tiffany Barnhouse -- Homosexual acts are 'essentially imperfect' / Charles E. Curran, Helmut Thielicke, H. Kimball Jones [and] Hershel Matt -- Homosexual acts are to be evaluated in terms of their relational significance / Episcopal Diocese of Michigan report, British Friends Task Force report, [and] W. Norman Pittenger -- Homosexual acts are natural and good / Michael F. Valente, Neale Secor, [and] Robert W. Wood -- Critiques / Charles E. Curran, James B. Nelson, Theodore W. Jennings, [and] Lisa Sowle Cahill. 
500 |a The Cushing Library/Women & Gender Studies copy was acquired as part of The Don Kelly Research Collection of Gay Literature and Culture.  |5 TXA 
650 0 |a Homosexuality  |x Moral and ethical aspects. 
650 0 |a Sexual ethics. 
650 0 |a Homosexuality  |x Religious aspects. 
650 7 |a Homosexuality  |x Moral and ethical aspects.  |2 fast  |0 (OCoLC)fst00959774 
650 7 |a Sexual ethics.  |2 fast  |0 (OCoLC)fst01114835 
700 1 |a Batchelor, Edward,  |d 1930-  |e author. 
776 0 8 |i Online version:  |t Homosexuality and ethics.  |d New York : Pilgrim Press, ©1980  |w (OCoLC)652354334 
994 |a C0  |b TXA 
948 |a updated  |b h  |c 2019/1/8  |d c  |e nbehmer  |f 10:41:54 am 
999 f f |s 14e8d2e9-68b0-31cf-84e2-4570d5c01573  |i 802acd76-2aa0-3366-ab1c-c9ea51d8139a  |t 0 
952 f f |p ric  |a Texas A&M University  |b Rellis Campus  |c Joint Library Facility  |s JLF  |d Remote Storage  |t 0  |e HQ76.25 .H674  |h Library of Congress classification  |i unmediated -- volume  |m A14802955567 
998 f f |a HQ76.25 .H674  |t 0  |l Remote Storage